Diccionario económico-social: 100 artículos temáticos, 1200 definiciones

保存先:
書誌詳細
主要な著者: Bremond, Janine (著者), Geledan, Alain (著者)
フォーマット: 図書
言語:スペイン語
出版事項: Barcelona Vicens-Vives 1985
主題:
タグ: タグ追加
タグなし, このレコードへの初めてのタグを付けませんか!

MARC

LEADER 00000nam a2200000 a 4500
001 UCX4544
003 CL-VaPUC
008 920610e19850000SP |||||||||||||||||spa|d
082 0 4 |a 330.03  |b BRE  |2 21 
100 0 |a Bremond, Janine  |e author  |9 320719 
700 0 |a Geledan, Alain  |e author  |9 320720 
245 1 0 |a Diccionario económico-social: 100 artículos temáticos, 1200 definiciones 
300 |a 480 p 
942 |c BK 
945 |d 19920610 00:00:00 
260 |a Barcelona  |b Vicens-Vives  |c 1985 
650 0 |a Economía   |9 255568 
650 0 |a Diccionarios  |9 256200 
650 0 |a Ciencias sociales   |9 256351 
583 |a last modification  |c 20180328 10:04:01  |k Rodrigo Vera 
999 |c 224978  |d 224976 
952 |0 0  |1 0  |4 0  |6 330_030000000000000_BRE_1985  |7 0  |8 A  |9 222108  |a FDOPOS  |b FDOPOS  |d 2019-11-15  |i 2909561  |o 330.03 BRE 1985  |p 2909561  |r 2025-01-22  |w 2019-11-15  |y BK  |k MLA